Information, incentives and the economics of control
Saved in:
| Main Author: | |
|---|---|
| Format: | Book |
| Language: | English |
| Published: |
Cambridge :
Cambridge University Press,
c1992
|
| Subjects: | |
| Tags: |
Add Tag
No Tags, Be the first to tag this record!
|
MARC
| LEADER | 00000cam a2200000 i 4500 | ||
|---|---|---|---|
| 001 | 1/94061 | ||
| 008 | 940907s1992 eng d | ||
| 020 | |a 0-521-33045-9 | ||
| 035 | |l 10009077 | ||
| 040 | |a GR-MY-UA |b gre |e aacr | ||
| 041 | 0 | |a eng | |
| 082 | 0 | |a 330.011 | |
| 100 | 1 | |a Archibald, G. C. |q 1926- | |
| 245 | 1 | 0 | |a Information, incentives and the economics of control / |c G. C. Archibald |
| 260 | |a Cambridge : |b Cambridge University Press, |c c1992 | ||
| 300 | |a xv, 173 p.; |c 23 cm | ||
| 504 | |a Includes bibliographical references and index | ||
| 650 | 0 | 0 | |a Mathematical optimization. |
| 650 | 0 | 0 | |a Economic man. |
| 650 | 0 | 0 | |a Consumers' preferences. |
| 650 | 0 | 0 | |a Competition. |
| 852 | |a INST |b LESVOS |e 19940907 |h 330.011 ARC |p 005100002400 |q 005100002400 |t BK |y 0 | ||
| 909 | |a Λ |b 035681 | ||